TOTAL DRAMA ALL SEASON ELIMINATION ORDER - Statistics

General Stats
  • This quiz has been taken 115 times
  • The average score is 91 of 134
Answer Stats
SEASON EPISODE PLACING CONTESTANT % Correct
Island The Big Sleep 23rd Eva
96%
Island Not So Happy Campers - Part 2 24th Ezekiel
96%
Island Dodgebrawl 22nd Noah
96%
Island The Very Last Episode, Really! 2nd/1st Gwen
90%
Island The Very Last Episode, Really! 2nd/1st Owen
90%
Island Are We There, Yeti? 4th Duncan
88%
Island I Triple Dog Dare You! 3rd Heather
88%
Island Not Quite Famous 21st Justin
88%
Island X-Treme Torture 13th Harold
86%
Island The Sucky Outdoors 20th Katie
86%
Island After the Dock of Shame 5th Leshawna
86%
Island Phobia Factor 19th Tyler
86%
Island If You can't Take the Heat... 16th Beth
84%
Island Hook, Line & Screamer 8th DJ
84%
Island Up the Creek 18th Izzy
84%
Island Wawanakwa Gone Wild 7th Izzy
84%
Action Aftermath IV: Who Wants to Pick a Millionaire??? 2nd/1st Beth
82%
Island Hide & Be Sneaky 10th Bridgette
82%
Island Paintball Deer Hunter 17th Cody
82%
Action Aftermath IV: Who Wants to Pick a Millionaire??? 2nd/1st Duncan
82%
Island No Pain, No Game 12th Eva
82%
Island Trail by Tri-Armed Triathlon 6th Geoff
82%
Island Basic Straining 14th Courtney
80%
Action Top Dog! 4th Courtney
80%
Island That's Off the Chain 9th Lindsay
80%
Island Who Can You Trust? 15th Sadie
80%
World Tour Hawaiian Punch 2nd/1st Alejandro
78%
Action Alien Resurr-eggtion 17th/16th Bridgette
78%
World Tour Hawaiian Punch 3rd Cody
78%
Action Alien Resurr-eggtion 17th/16th Geoff
78%
World Tour Hawaiian Punch 2nd/1st Heather
78%
Island Search & Do Not Destroy 11th Trent
78%
Action 2008: A Space Owen 5th Harold
76%
Action Riot on Set 15th Izzy
76%
Revenge of the Island Brain vs. Brawn: The Ultimate Showdown 2nd/1st Lightning
76%
Action Top Dog! 3rd Owen
76%
Revenge of the Island The Enchanted Franken-Forest 3rd Zoey
76%
Revenge of the Island Ice Ice Baby 12th B
73%
Revenge of the Island A Mine is a Terrible Thing to Waste 9th Brick
73%
Revenge of the Island Brain vs. Brawn: The Ultimate Showdown 2nd/1st Cameron
73%
World Tour Chinese Fake-Out 7th/6th Courtney
73%
World Tour Jamaica Me Sweat 12th DJ
73%
World Tour Walk Like an Egyptian - Part 1 19th Duncan
73%
World Tour African Lying Safari 5th Duncan
73%
World Tour Walk Like an Egyptian - Part 2 18th Ezekiel
73%
Action The Chefshank Redemption 13th Gwen
73%
Action Million Dollar Babies 9th Heather
73%
Revenge of the Island Up, Up & Away in My Pitiful Balloon 5th Jo
73%
Revenge of the Island Grand Chef Auto 6th Mike
73%
All Stars The Final Wreck-ening 2nd/1st Mike
73%
World Tour Awwwwww, Drumheller 4th Sierra
73%
All Stars The Final Wreck-ening 2nd/1st Zoey
73%
Revenge of the Island A Mine is a Terrible Thing to Waste 8th Anne Maria
71%
World Tour Super Crazy Happy Fun Time Japan 17th Harold
71%
World Tour Jamaica Me Sweat 13th Izzy
71%
All Stars Saving Private Leechball 12th Jo
71%
Action The Princess Pride 7th Justin
71%
World Tour Slap Slap Revolution 15th Leshawna
71%
All Stars Evil Dread 13th Lightning
71%
Action Rock 'n Rule 6th Lindsay
71%
World Tour Can't Help Falling in Louvre 14th Lindsay
71%
All Stars Heroes vs. Villains 14th Lindsay
71%
World Tour I See London... 11th Noah
71%
World Tour Niagara Brawls 8th Owen
71%
Revenge of the Island Eat, Puke & Be Wary 4th Scott
71%
All Stars The Bold & Booty-ful 3rd Scott
71%
Action 3:10 to Crazytown 14th Trent
71%
All Stars The Obsta-kill Course 6th Alejandro
69%
World Tour Chinese Fake-Out 7th/6th Blaineley
69%
World Tour Anything Yukon Do, I Can Do Better 16th Bridgette
69%
All Stars Sundae Muddy Sundae 5th Courtney
69%
Revenge of the Island Truth or Laser Shark 13th Dakota
69%
Revenge of the Island Backstabbers Ahoy! 11th Dawn
69%
Action The Sand Witch Project 12th DJ
69%
World Tour Picnic at Hanging Dork 9th Gwen
69%
All Stars The Bold & Booty-ful 4th Gwen
69%
All Stars No One Eggspects the Spanish Opposition 10th Heather
69%
Action Super Hero-ld 8th Leshawna
69%
Revenge of the Island Bigger! Badder! Brutal-er! 14th Staci
69%
World Tour The Ex-Files 10th Tyler
69%
Pahkitew Island Hurl & Go Seek 7th Dave
67%
Pahkitew Island Sky Fall 4th Jasmine
67%
Pahkitew Island Scarlett Fever 5th Max
67%
Action Ocean's Eight -or Nine 10th Owen
67%
Pahkitew Island I Love You, I Love You Knots 11th Rodney
67%
Pahkitew Island Scarlett Fever 6th Scarlett
67%
Pahkitew Island Lies, Cries & One Big Prize 2nd/1st Shawn
67%
Pahkitew Island Lies, Cries & One Big Prize 2nd/1st Sky
67%
Pahkitew Island Pahk'd with Talent 3rd Sugar
67%
Pahkitew Island Twinning Isn't Everything 12th Amy
65%
Pahkitew Island So, Uh,This Is My Team? 14th Beardo
65%
Revenge of the Island The Treasure Island of Dr. McLean 7th Dakota
65%
All Stars You Regotta Be Kidding Me 8th Duncan
65%
Action Full Metal Drama 11th Izzy
65%
Pahkitew Island I Love You, Grease Pig! 13th Leonard
65%
Revenge of the Island Runway Model 10th Sam
65%
All Stars Zeek & Ye Shall Find 7th Cameron
63%
All Stars Food Fright 11th Sam
63%
Pahkitew Island A Blast from the Past 10th Samey
63%
All Stars Suckers Punched 9th Sierra
63%
Pahkitew Island Three Zones & a Baby 8th Topher
63%
Pahkitew Island Mo' Monkey, Mo' Problems 9th Ella
61%
Island (2023) Meet the Victims 16th Caleb
53%
Island (2023) Pirates of the Cabbage'an 15th Axel
49%
Island (2023) The Truth, The Pole Truth and Nothing But the Truth 6th Chase
49%
Island (2024) Taking It to the Rim Reaper 15th Chase
49%
Island (2023) Tortoise Rigamortis 5th Emma
49%
Island (2024) Choosin' for a Bruisin 13th Emma
49%
Island (2023) Caved by the Bell 4th Julia
49%
Island (2023) Magma Cum Laude 3rd Millie
49%
Island (2023) Drown Town Abbey 14th Nichelle
49%
Island (2023) Magma Cum Laude 1st Priya
49%
Island (2024) Off the Hook! 4th Priya
49%
Island (2023) Severe Eggs and Pains 10th/9th Raj
49%
Island (2023) The Wheel of Vomit 8th Ripper
49%
Island (2023) Numbskull Island 13th Scary Girl
49%
Island (2024) The Pink Painter Strikes Again 16th Scary Girl
49%
Island (2023) Severe Eggs and Pains 10th/9th Wayne
49%
Island (2023) Magma Cum Laude 2nd Bowie
47%
Island (2024) Soar Losers 3rd/2nd Caleb
47%
Island (2023) Jurassic Fart 12th Damien
47%
Island (2024) Soar Losers 3rd/2nd Julia
47%
Island (2024) You Poor Saps 14th Millie
47%
Island (2024) Ice to Beat You 12th Nichelle
47%
Island (2024) Working K9 to 5 5th Raj
47%
Island (2024) Soar Losers 1st Wayne
47%
Island (2024) Canoe Believe It? 11th Bowie
45%
Island (2023) Paddle Field Earth 7th Zee
45%
Island (2024) Circling the Drain 6th Damien
43%
Island (2023) The Launchback of Notre Game 11th MK
43%
Island (2024) Fun Fight at the O'Cake Corral 9th Ripper
43%
Island (2024) Fun Fight at the O'Cake Corral 10th Axel
41%
Island (2024) Breaking Up Is Hard to Do 7th MK
41%
Island (2024) Haulin' n' Ballin 8th Zee
41%
No matching quizzes found
Score Distribution
Percent of People with Each Score
Percentile by Number Answered
Your Score History
You have not taken this quiz